000 00244nam a22001097a 4500
082 _a720
100 _aStudy IQ
_981970
245 _aIndian Art And Culture
260 _aDelhi
_bStudy IQ
_c2023
650 _aArt And Culture
_967258
942 _cBK
999 _c66243
_d66243